[Event "Dunedin New Year op"]
[Site "Dunedin"]
[Date "1999.??.??"]
[Round "3.10"]
[White "Gillespie, John G"]
[Black "Hall, PJ."]
[Result "1-0"]
[WhiteElo "1404"]
[BlackElo "1182"]
[PlyCount "83"]
[EventDate "1999.01.??"]
[EventType "swiss"]
[EventRounds "6"]
[EventCountry "NZL"]
[SourceTitle "EXT 2003"]
[Source "ChessBase"]
[SourceDate "2002.11.25"]
[SourceVersion "1"]
[SourceVersionDate "2002.11.25"]
[SourceQuality "1"]

1. e4 a6 2. d4 b5 3. a4 b4 4. c3 Bb7 5. Bd3 e6 6. Nf3 c5 7. Qb3 a5 8. Be3 Na6 9. Nbd2 Nf6 10. Ne5 Be7 11. 0-0 0-0 12. f3 Qc7 13. Bc4 Rfd8 14. Rfc1 d6 15. Nd3 Nd7 16. cxb4 axb4 17. Nf4 Nf8 18. Bb5 Kh8 19. Rc2 Rac8 20. Rac1 Nd7 21. Nc4 Nab8 22. a5 Ba6 23. Bxa6 Nxa6 24. Nd3 Qa7 25. d5 e5 26. f4 f6 27. Rf2 Nab8 28. Nxb4 Re8 29. Qa4 Qc7 30. Nd3 Na6 31. b4 Nxb4 32. Nxb4 cxb4 33. Nb6 Nc5 34. Bxc5 dxc5 35. Nxc8 Rxc8 36. fxe5 Qxe5 37. a6 Qb8 38. Qd7 Rc7 39. Qe6 c4 40. d6 Bxd6 41. Qxd6 Qc8 42. Qxb4 1-0

[Event "NZL-ch Major op"]
[Site "Dunedin"]
[Date "1999.??.??"]
[Round "11.8"]
[White "Hall, PJ."]
[Black "Donaldson, Bruce"]
[Result "1/2-1/2"]
[WhiteElo "1182"]
[BlackElo "1466"]
[PlyCount "133"]
[EventDate "1998.??.??"]
[EventType "swiss"]
[EventRounds "11"]
[EventCountry "NZL"]
[SourceTitle "EXT 2003"]
[Source "ChessBase"]
[SourceDate "2002.11.25"]
[SourceVersion "1"]
[SourceVersionDate "2002.11.25"]
[SourceQuality "1"]

1. b4 d5 2. Bb2 Bg4 3. Nf3 e6 4. e3 Nf6 5. a3 Be7 6. c4 dxc4 7. Bxc4 0-0 8. 0-0 Nbd7 9. Qc2 Bxf3 10. gxf3 c6 11. Kh1 Qc7 12. Be2 Nd5 13. Nc3 Nxc3 14. Bxc3 Bf6 15. Rac1 Bxc3 16. Qxc3 Rfc8 17. Rg1 g6 18. h4 Qe5 19. Qxe5 Nxe5 20. f4 Nd7 21. h5 Nf6 22. hxg6 hxg6 23. Bf3 Rc7 24. b5 Rac8 25. bxc6 bxc6 26. Rc5 Nd7 27. Rc3 c5 28. Rgc1 Kf8 29. Be2 Ke7 30. d4 Kd6 31. dxc5+ Nxc5 32. Kg2 Rb8 33. Kf3 Rb2 34. Rd1+ Ke7 35. Rdc1 Kd6 36. Rd1+ Kc6 37. a4 a5 38. Bb5+ Kb7 39. Rdc1 Rxf2+ 40. Kxf2 Ne4+ 41. Kf3 Nxc3 42. Be8 Kb6 43. Rc2 Re7 44. Bxf7 Rxf7 45. Rxc3 e5 46. Kg4 exf4 47. exf4 Rf5 48. Rc8 Rd5 49. Rg8 Rd4 50. Rxg6+ Kc7 51. Re6 Rxa4 52. Kg5 Ra1 53. f5 Kd7 54. Re2 a4 55. f6 a3 56. f7 Rg1+ 57. Kf6 Rf1+ 58. Kg7 Rg1+ 59. Kf8 Rf1 60. Re7+ Kd8 61. Ra7 Rf3 62. Ra6 Kd7 63. Kg7 Rg3+ 64. Kf6 Rf3+ 65. Kg7 Rg3+ 66. Kf8 Rf3 67. Kg7 1/2-1/2

[Event "NZL-ch Major op"]
[Site "Dunedin"]
[Date "1999.??.??"]
[Round "8.10"]
[White "Hall, PJ."]
[Black "Gold, Hamish R"]
[Result "0-1"]
[WhiteElo "1182"]
[BlackElo "1546"]
[PlyCount "124"]
[EventDate "1998.??.??"]
[EventType "swiss"]
[EventRounds "11"]
[EventCountry "NZL"]
[SourceTitle "EXT 2003"]
[Source "ChessBase"]
[SourceDate "2002.11.25"]
[SourceVersion "1"]
[SourceVersionDate "2002.11.25"]
[SourceQuality "1"]

1. b4 Nf6 2. c4 c6 3. Bb2 d5 4. e3 Bf5 5. Nf3 e6 6. a3 dxc4 7. Bxc4 Bd3 8. Qb3 Bxc4 9. Qxc4 Nbd7 10. 0-0 Nb6 11. Qc2 Bd6 12. Nc3 Nc4 13. Bc1 Qc7 14. Ne4 Nxe4 15. Qxe4 b5 16. d3 Ne5 17. Bb2 f5 18. Qd4 Nxf3+ 19. gxf3 0-0-0 20. Qh4 Be7 21. Qg3 Rxd3 22. Qxg7 Rdd8 23. Qxh8 Rxh8 24. Bxh8 Qd8 25. Bd4 Kb7 26. Kh1 Qd5 27. Kg2 h5 28. Rfd1 h4 29. h3 e5 30. Bxa7 Qg8+ 31. Kh1 Qe6 32. Bc5 Bxc5 33. bxc5 Qc4 34. Rac1 Qe2 35. Kg2 e4 36. fxe4 fxe4 37. Rd7+ Ka6 38. Re7 Qf3+ 39. Kg1 Qxh3 40. Rxe4 Ka5 41. Rc3 Qf5 42. Rf4 Qe5 43. Rc1 h3 44. Kh2 Qb2 45. Rg1 Qxa3 46. Rg5 b4 47. Rg1 b3 48. Rf8 Qb2 49. Kxh3 Kb5 50. f4 Qe2 51. Rb8+ Kc4 52. f5 Qf3+ 53. Rg3 Qxf5+ 54. Kg2 Qc2+ 55. Kh3 b2 56. Rg4+ Kxc5 57. Rgb4 Qh7+ 58. Kg2 Qc2+ 59. Kf3 Qd1+ 60. Kg2 Qd2+ 61. Kf3 Qxb4 62. Rg8 b1Q 0-1

[Event "NZL-ch Major op"]
[Site "Dunedin"]
[Date "1999.??.??"]
[Round "2.11"]
[White "McIntosh, John"]
[Black "Hall, PJ."]
[Result "1-0"]
[WhiteElo "1456"]
[BlackElo "1182"]
[PlyCount "59"]
[EventDate "1998.??.??"]
[EventType "swiss"]
[EventRounds "11"]
[EventCountry "NZL"]
[SourceTitle "EXT 2003"]
[Source "ChessBase"]
[SourceDate "2002.11.25"]
[SourceVersion "1"]
[SourceVersionDate "2002.11.25"]
[SourceQuality "1"]

1. d4 Nf6 2. c4 g6 3. Nc3 Bg7 4. e4 d6 5. Nge2 0-0 6. Ng3 b6 7. Be2 Bb7 8. Bg5 c6 9. Qd2 Re8 10. h4 e5 11. d5 c5 12. h5 a6 13. hxg6 fxg6 14. 0-0-0 Nbd7 15. Bg4 Rf8 16. Be6+ Kh8 17. Rxh7+ Kxh7 18. Rh1+ Bh6 19. Bxh6 Nh5 20. Bxf8 Nxf8 21. Bg4 Kg8 22. Bxh5 gxh5 23. Rxh5 Kf7 24. Qh6 Ke8 25. Nf5 Qc7 26. Nxd6+ Kd7 27. Nxb7 Qxb7 28. Qg7+ Kc8 29. Qxf8+ Kc7 30. Rh7# 1-0

[Event "Dunedin New Year op"]
[Site "Dunedin"]
[Date "1999.??.??"]
[Round "5.10"]
[White "Stone, RG."]
[Black "Hall, PJ."]
[Result "0-1"]
[WhiteElo "1407"]
[BlackElo "1182"]
[PlyCount "84"]
[EventDate "1999.01.??"]
[EventType "swiss"]
[EventRounds "6"]
[EventCountry "NZL"]
[SourceTitle "EXT 2003"]
[Source "ChessBase"]
[SourceDate "2002.11.25"]
[SourceVersion "1"]
[SourceVersionDate "2002.11.25"]
[SourceQuality "1"]

1. b3 b5 2. Bb2 Bb7 3. e3 a6 4. Nf3 Nf6 5. d3 e6 6. Nbd2 c5 7. Be2 Be7 8. 0-0 0-0 9. h3 Nc6 10. Ne5 Nxe5 11. Bxe5 d6 12. Bh2 Rc8 13. Rc1 Qa5 14. Ra1 Rfd8 15. Qe1 Rb8 16. Nb1 Qxe1 17. Rxe1 Nd5 18. a4 Bf6 19. Nd2 Bxa1 20. Rxa1 Nc3 21. Bf3 Bxf3 22. Nxf3 bxa4 23. bxa4 Rb1+ 24. Rxb1 Nxb1 25. g4 f6 26. Kg2 Nc3 27. Nd2 e5 28. Ne4 Nxe4 29. dxe4 Rb8 30. f4 Rb4 31. Kf3 Rc4 32. Bg3 Rxa4 33. Be1 Ra2 34. g5 a5 35. gxf6 gxf6 36. fxe5 dxe5 37. Kg4 Rxc2 38. Bxa5 c4 39. Kf5 Kf7 40. h4 c3 41. h5 Rf2+ 42. Kg4 c2 0-1